| 000 | 00577nam a2200193 4500 | ||
|---|---|---|---|
| 001 | 148767 | ||
| 003 | ES-MaACL | ||
| 005 | 20230906202809.0 | ||
| 007 | t| | ||
| 008 | 070214s1959 sp r ||||1| spa d | ||
| 100 | 1 |
_aSuay, Francisco. _9108677 |
|
| 245 | 1 | 3 |
_aLa dorada _b: sus costumbres y su pesca / _cFrancisco Suay (El pescador auténtico) [seud.]. |
| 260 |
_aBarcelona : _bEdit. Hispano Europea, _c1959. |
||
| 300 |
_a108 p. ; _c17 cm. |
||
| 490 | 1 | _aCol. herakles | |
| 830 | 0 |
_aCol. herakles _9187500 |
|
| 852 |
_aES-MaACL _jC-17362 _bR.45393 |
||
| 999 |
_c148767 _d148767 |
||